Puertas azules, asentamiento rural eco turístico sustentable

Desarrolla un proyecto preliminar para el ordenamiento ambiental del asentamiento Puertas Azules de la comarca Miraflor, municipio de Estelí en Nicaragua, se establece un marco conceptual y metodológico, se presenta una caracterización general de la asentamiento en cuanto a su ubicación dentro d...

Full description

Bibliographic Details
Main Authors: Reyes Pérez, Adriana Belén, Vallejos Torrez, Dannery Eliuth
Other Authors: Tutor: Gómez Ortega, Graciela Dionides
Format: Tesis Section = Libro
Language:Undetermined
Spanish
Published: Managua UNI 2013
Subjects:
LEADER 01120nam a2200253Ia 4500
008 240830s9999 xx 000 0 und d
040 |a BIBLIOTECA-RUSB/ T.Mon 307.14 R457 
041 |a spa 
082 |a T.Mon 307.14 R457 
100 1 |a Reyes Pérez, Adriana Belén 
100 1 |b Vallejos Torrez, Dannery Eliuth 
245 1 0 |a Puertas azules, asentamiento rural eco turístico sustentable 
260 |a Managua  |b UNI  |c 2013 
300 |a 159 p. :il. 
502 |a Tesis (Arquitecto) - UNI, 2013. 
520 3 |a Desarrolla un proyecto preliminar para el ordenamiento ambiental del asentamiento Puertas Azules de la comarca Miraflor, municipio de Estelí en Nicaragua, se establece un marco conceptual y metodológico, se presenta una caracterización general de la asentamiento en cuanto a su ubicación dentro de la resera natural. 
650 7 |a ASENTAMIENTO HUMANOS 
650 7 |b  ASENTAMIENTO RURAL 
650 7 |c  ORDENAMIENTO 
650 7 |d  DESARROLLO ECO TURÍSTICO - SOSTENIBLE - PROGRAMAS - PROYECTOS 
700 1 |a Tutor:  |b Gómez Ortega, Graciela Dionides 
942 |c BK  |2 ddc 
991 |a TESIS 
999 |c 21652